banner koha

Diferentes fontes protéicas para a alimentação do jundiá (Rhamdia quelen) (Registro n. 185123)

MARC details
000 -LÍDER
campo de controle de tamanho fixo 01059nas a2200373 4500
001 - NÚMERO DE CONTROLE
campo de controle BR0601011
003 - IDENTIFICADOR DO NÚMERO DE CONTROLE
campo de controle BR-BrBNA
005 - DATA E HORÁRIO DA ÚLTIMA TRANSAÇÃO
campo de controle 20231205105855.0
007 - CAMPO FIXO DE DESCRIÇÃO FÍSICA--INFORMAÇÃO GERAL
campo de controle de tamanho fixo ta
008 - CAMPO DE DADOS FIXOS--INFORMAÇÃO GERAL
campo de controle de tamanho fixo 230509b bl.|||p| |||| 00| 00por d
040 ## - FONTE DA CATALOGAÇÃO
Instituição da catalogação original BR-BrBNA
Idioma da catalogação por
Instituição que transcreveu o registro Biblioteca Nacional de Agricultura
041 ## - CÓDIGO DE IDIOMA
Código do idioma do texto/trilha sonora ou título diferente (Pt)
072 ## - CÓDIGO DE CATEGORIA DE ASSUNTO
Código de Categoria de Assunto L02
100 1# - ENTRADA PRINCIPAL--NOME PESSOAL
Nome pessoal Lazzari, R.
100 1# - ENTRADA PRINCIPAL--NOME PESSOAL
Nome pessoal Radünz Neto, J.
100 1# - ENTRADA PRINCIPAL--NOME PESSOAL
Nome pessoal Emanuelli, T.
100 1# - ENTRADA PRINCIPAL--NOME PESSOAL
Nome pessoal Pedron, F. de A.
100 1# - ENTRADA PRINCIPAL--NOME PESSOAL
Nome pessoal Costa, M.L.
100 1# - ENTRADA PRINCIPAL--NOME PESSOAL
Nome pessoal Loseckann, M.E.
100 1# - ENTRADA PRINCIPAL--NOME PESSOAL
Nome pessoal Correia, V.
100 1# - ENTRADA PRINCIPAL--NOME PESSOAL
Nome pessoal Bochi, V.C.
245 1# - TÍTULO
Título Diferentes fontes protéicas para a alimentação do jundiá (Rhamdia quelen)
650 ## - ASSUNTO--TERMO TÓPICO
Cabeçalho tópico ou nome geográfico BAGRE
650 ## - ASSUNTO--TERMO TÓPICO
Cabeçalho tópico ou nome geográfico NUTRIÇÃO ANIMAL
650 ## - ASSUNTO--TERMO TÓPICO
Cabeçalho tópico ou nome geográfico CARCAÇA
650 ## - ASSUNTO--TERMO TÓPICO
Cabeçalho tópico ou nome geográfico RENDIMENTO
650 ## - ASSUNTO--TERMO TÓPICO
Cabeçalho tópico ou nome geográfico FARINHA DE OSSO
650 ## - ASSUNTO--TERMO TÓPICO
Cabeçalho tópico ou nome geográfico FARINHA DE CARNE
650 ## - ASSUNTO--TERMO TÓPICO
Cabeçalho tópico ou nome geográfico FARINHA DE PEIXE
650 ## - ASSUNTO--TERMO TÓPICO
Cabeçalho tópico ou nome geográfico COMPOSIÇÃO QUÍMICA
773 0# - ENTRADA ANALÍTICA
Título Ciência Rural (Brazil)
ISSN - International Standard Serial Number ISSN 0103-8478
Partes relacionadas (Jan-Feb 2006), v. 36(1) p. 240-246
Número de controle do registro BR0601011
909 ## -
-- 202311
-- Lúcia
-- 55
-- Lúcia Elande
942 ## - ELEMENTOS DE ENTRADA ADICIONADOS (KOHA)
Fonte da classificação ou esquema de arquivamento na estante Classificação AGRIS
Ocultar no OPAC Não
Tipo de material Koha Analítica
Exemplares
Situação do descarte Fonte da classificação ou esquema de arquivamento na estante Situação física Não pode ser emprestado Biblioteca de origem Biblioteca atual Localização na estante Enumeração do periódico / cronologia Total de empréstimos Data de último acesso Número do exemplar Tipo de material Koha Fonte de aquisição
  Classificação AGRIS   Consulta local Biblioteca Nacional de Agricultura - Binagri Biblioteca Nacional de Agricultura - Binagri   (Jan-Feb 2006), v. 36(1) p. 240-246   29/11/2023 01 Periódicos Portaria Interministerial nº 164/94

BINAGRI

Telefone: (61)3218-2567/2388/3357/2097 - binagri@agro.gov.br

Ministério da Agricultura e Pecuária , Esplanada dos Ministérios, Bloco D, Anexo B, Brasília/DF, CEP: 70.043-900